000 00874nam a2200253Ia 4500
003 OSt
005 20221005113209.0
006 a|||||r|||| 00| 0
007 ta
008 221004b |||||||| |||| 00| 0 pan d
020 _a9789380144603 (hbk)
_c150
024 _a17527
037 _b913, 20/03/2015, H.K. Prakashan
_cTextual
040 _aCRL
_cCRL
_bpan
041 _2pan
_apan
082 _aO153(Y15),1:g, Q3
100 _aਰਜਨੀ ਬਾਲਾ
245 0 _aਨਾਰੀਵਾਦ ਤੇ ਨਾਰੀ ਕਾਵਿ
260 _aਪਟਿਆਲਾ
_b20 ਸੈ੍ਵਚਰੀ ਪਬਲੀਕੇFਨਗ਼ ਭਾਰਤ
_c2013
300 _a114ਪੰ
_ccm.
650 _aਪੰਜਾਬੀ ਸਾਹਿਤ
942 _hO153(Y15),1:g, Q3
_cTEXL
_2cc
999 _c1027360
_d1027360